[Event "Hoogovens"]
[Site "Wijk aan Zee"]
[Date "1998.01.16"]
[Round "1"]
[White "Adams, Michael"]
[Black "Van der Sterren, Paul"]
[Result "1-0"]
[WhiteElo "2670"]
[BlackElo "2550"]
[Annotator "Mikhalevski,V"]
[PlyCount "97"]
[EventDate "1998.01.16"]
[EventType "tourn"]
[EventRounds "13"]
[EventCountry "NED"]
[EventCategory "17"]
[SourceTitle "CBM 063"]
[Source "ChessBase"]
[SourceDate "1998.03.26"]
[SourceVersion "1"]
[SourceVersionDate "1998.03.26"]
[SourceQuality "1"]

1. e4 {Hecht} e5 2. Nf3 Nf6 3. Nc3 Nc6 4. g3 Bc5 5. Bg2 d6 6. d3 a6 7. h3 (7.
Be3 Bg4 {seeAlmasi,Z-Jussupov,A FIDE -Wch1997[Mikhalevski,V]} (7... Bxe3 8.
fxe3 Bg4 {seeGeorgiev,K-Alterman,B FIDE-Wch1977[Mikhalevski,V]})) 7... O-O (
7... Be6 8. Nh4 h6 9. Nf5 Bxf5 10. exf5 d5 11. g4 Qd6 12. Ne2 O-O-O 13. c3 d4
14. c4 e4 15. Bf4 Bb4+ 16. Kf1 Qe7 17. Ng3 e3 18. Bxc6 bxc6 19. Qf3 Bd6 20. a3
Bxf4 21. Qxf4 g5 22. Qf3 Qd6 23. Kg2 h5 24. Nxh5 Nxh5 25. gxh5 Qf4 26. Rae1
Qxf3+ 27. Kxf3 exf2 28. Kxf2 Rxh5 29. Kg3 Rdh8 30. Re4 Rh4 31. Rg4 f6 32. c5
Rxg4+ 33. Kxg4 Rh4+ 34. Kg3 Kb7 35. Rf1 Kc8 36. Rf2 Kb7 {1/2-1/2 Kurajica,
B-Wedberg,T/EU-chT 1980}) (7... h6 8. O-O (8. Be3 O-O 9. O-O Bxe3 10. fxe3 d5
11. exd5 Nxd5 12. Qd2 Be6 13. e4 Nde7 14. Kh2 Qd7 15. Rae1 Rad8 16. a3 f6 17.
Ne2 Ng6 18. Rd1 Rfe8 19. b4 Qd6 20. Qc1 Bf7 21. Rd2 b6 22. Qb2 Nd4 23. Neg1 c5
24. c3 Nc6 25. Ne2 Qe7 26. Rc1 Qd7 27. Rcd1 Qc7 28. Rb1 Rb8 29. Rc1 Qe7 30. Qc2
Red8 31. Qa4 Qb7 32. Rb1 b5 {Kosanski,S-Franic,M/CRO-ch 1994/1/2-1/2 (71)}) (8.
Bd2 Be6 9. Qe2 Qd7 10. O-O-O Nd4 11. Qf1 Nb5 12. a3 Nxc3 13. Bxc3 Qc6 14. Nd2
Bxa3 15. bxa3 Qxc3 16. Nb1 Qa5 17. Qe1 Qxe1 18. Rdxe1 O-O 19. f4 Bd7 20. f5 Nh7
21. Nc3 c6 22. Rd1 f6 23. d4 Rad8 24. dxe5 dxe5 25. Na4 Bc8 26. h4 b5 27. Nb2
Rd7 28. Rxd7 Bxd7 29. Rd1 Rd8 30. Nd3 Bc8 31. Nb2 Rxd1+ 32. Kxd1 Nf8 {Miller,
P-Kast,H/Erevan olm 1996/0-1 (53)}) 8... Be6 9. Ne2 (9. Nh4 Qd7 10. Kh2 g5 11.
Nf5 Bxf5 12. exf5 d5 13. f4 gxf4 14. gxf4 exf4 15. Qe2+ Be7 16. Bxf4 O-O-O 17.
Kh1 Bc5 18. Qe1 Rde8 19. Qh4 Be7 20. Qf2 Qxf5 21. Bh2 Qd7 22. Qf5 Rhf8 23. Nxd5
Nxd5 24. Bxd5 Qxf5 25. Rxf5 Nd8 26. Raf1 Bd6 27. Bxd6 cxd6 28. R1f2 Re3 29. Kh2
Rg8 30. R2f3 Rxf3 31. Rxf3 Re8 32. Rf2 Re5 33. c4 Re3 34. Be4 Kd7 35. Kg2 Ke7
36. Rf4 Ne6 37. Rh4 Re2+ 38. Kf1 Rxb2 39. Rxh6 Rxa2 40. Bxb7 Nc5 41. Bd5 Nxd3
42. Rh8 a5 43. Ra8 Ra1+ 44. Ke2 Nf4+ 45. Kd2 Nxd5 46. cxd5 Ra4 47. Kc3 Kf6 48.
Ra7 Rh4 49. Rd7 Ke5 50. Rxf7 a4 51. Rf3 Kxd5 52. Rg3 Kc5 53. Rf3 d5 {Brustkern,
J-Cooper,L/Hastings Challengers9596 1995/0-1 (74)}) 9... Qd7 10. Kh2 d5 11.
exd5 Bxd5 12. Nc3 Be6 13. Qe2 Bd6 14. Ne4 Nxe4 15. dxe4 O-O 16. c3 Rad8 17. Be3
Be7 18. Rfd1 Qc8 19. Nd2 Rfe8 20. b4 Bf8 21. a4 Rd7 22. Rdb1 Red8 23. Rb2 Rd3
24. Rc2 R3d7 25. Rcc1 g6 26. Nf3 Bg7 27. a5 f5 28. b5 axb5 29. Qxb5 fxe4 30. a6
bxa6 31. Qxc6 Bd5 32. Qxg6 exf3 33. Bf1 Rd6 34. Qc2 e4 35. Ra5 Re8 36. Rd1 Bf7
37. Rda1 Rc6 38. Rc5 Rxc5 39. Bxc5 Qf5 40. Be3 a5 41. Ra4 Kh7 42. h4 Bg6 43.
Rc4 Be5 44. Rc5 Qf6 45. Kh1 Re7 46. Rxa5 Bxc3 47. Ra6 {1/2-1/2 Kremenietsky,
A-Kholmov,R/Moscow-ch 1984}) 8. Be3 (8. Bg5 h6 9. Bh4 Be6 10. g4 g5 11. Bg3 Ne7
12. h4 Bxg4 13. hxg5 hxg5 14. Qd2 Ng6 15. Qxg5 Bxf3 16. Bxf3 Bb4 17. Qh6 Re8
18. O-O-O Bxc3 19. bxc3 d5 20. Rdg1 dxe4 21. Bxe5 {1-0 Schreiner,R-Weigel,H/
Bayern-chB 1982}) (8. O-O Be6 9. Kh2 h6 10. Nh4 d5 11. exd5 Nxd5 12. Nxd5 Bxd5
13. Qg4 Be6 14. Nf5 Qf6 15. Bxh6 Bxf5 16. Bxg7 Qxg7 17. Qxf5 Nd4 18. Qd7 Bd6
19. c3 Ne6 20. Rae1 Nc5 21. Qf5 Qg6 22. Qf3 c6 23. d4 exd4 24. cxd4 Ne6 25. Rd1
f5 26. d5 Ng5 27. Qb3 c5 28. f4 Ne4 29. Bxe4 fxe4 30. Qxb7 Rab8 {0-1 Lukin,
A-Vladimirov,E/Pavlodar 1987}) 8... Bxe3 9. fxe3 d5 (9... Nh5 10. Ne2 (10. g4
Nf6 $13 (10... Ng3 11. Rg1 h5 12. Nh2 $13 Qh4 13. Kd2 $5)) 10... Ne7 (10... f5
$2 11. exf5 Bxf5 12. g4 e4 13. Nh2 Qh4+ 14. Kd2) 11. g4 (11. Qd2 f5 12. exf5 $2
Nxf5 13. g4 Nh4) (11. O-O f5) 11... Nf6 $13) 10. exd5 Nxd5 11. Nxd5 Qxd5 $11
12. O-O Qd6 13. Qe1 Bd7 (13... f6) (13... Be6) 14. Rd1 Rae8 (14... Rad8) 15.
Qf2 f5 16. d4 $1 exd4 17. Nxd4 $1 Qe5 18. Rfe1 Re7 19. c3 Nd8 20. Rd2 Bc8 21.
Qf4 Nf7 22. Nf3 Qc5 23. Qd4 Qxd4 24. exd4 $14 Rxe1+ 25. Nxe1 Re8 26. Nd3 a5 27.
h4 g6 28. a3 Kg7 29. b4 axb4 30. axb4 Nd6 (30... h6) 31. Ne5 Nf7 32. Nxf7 Kxf7
{[#] Hecht:  Ungenaues Spiel des Holländers versetzt Adams in die Lage, mit
seinem beiden Figuren dominierende Positionen einzunehmen und beide Flügel von
Schwarz zu paralysieren. Als Schwarz zu spät aktiv wird, erliegt er einem
Mattangriff.} 33. Kf2 c6 (33... b6 34. Ra2 h6) (33... h6 $142 $1 {Hecht} 34. c4
g5 $11) 34. d5 cxd5 $2 (34... Rd8 $1 35. c4 cxd5 36. Bxd5+ Kf6 $11 (36... Kf6 {
[%cal Yc8e6] Hecht} 37. Re2 (37. Ke3 Be6 38. Bxb7 Rxd2 39. Kxd2 Bxc4 40. Kc3
Bf1 41. Kd4 g5 $14) 37... b5 $11)) 35. Rxd5 Re7 (35... Ke7 36. Rb5 Kd6 (36...
Ke6 37. Bd5+) 37. Bxb7 Bxb7 38. Rxb7 Rc8 39. Rxh7 Rxc3 (39... Ke6 40. b5 Rxc3
41. b6 Rb3 42. b7) 40. Rg7 Ke5 41. Rxg6 Rb3 42. h5 $1 (42. Rb6 Rb2+ $1 (42...
Ke4 43. Re6+ (43. Kg2 f4 44. gxf4 Kxf4 45. h5 Rb2+ 46. Kh3 Rb3+ 47. Kh4 Rb1 48.
Rf6+ Ke5 49. Rb6 Kf4 50. Kh3 Rb3+ 51. Kg2 Rb2+ 52. Kf1 Kf3 53. Ke1 Ke3 54. Kd1
Kd3 55. Kc1 Rc2+ $1 56. Kb1 Rh2 57. h6 Kc3) (43. h5 $1) 43... Kd5 44. Rb6 Ke4
45. h5 $1 Rb2+ 46. Kg1 Kf3 47. h6 Rg2+ (47... Rb1+ 48. Kh2 Rb2+ 49. Kh3 Rb1 50.
Kh4 $18) 48. Kh1 Rxg3 49. Rc6 $1 Rg4 50. Rc3+ Kf2 51. Rc2+ Kf3 (51... Kf1 52.
h7) 52. b5 Rh4+ 53. Rh2 Rb4 54. Rh3+ Kg4 55. h7 $18) 43. Kf3 Rb3+ 44. Kg2 Rb2+
45. Kh3 Rb3 46. h5 f4 47. h6 Rxg3+ 48. Kh4 Rg1 $11) 42... Rxb4 43. h6 Rb2+ 44.
Kg1 (44. Kf3 Rh2) 44... Rb1+ 45. Kg2 Rb2+ 46. Kh3 Rb1 47. Kh4 Rh1+ 48. Kg5 Rh3
49. Rg7 $1 Rxg3+ 50. Kh4 $18) (35... Ke6 $142 {Hecht} 36. Rb5 Re7 37. c4 Kd6
$14 38. Rb6+ Ke5 $1) 36. Rc5 Be6 37. Rb5 Bc8 38. Rb6 $16 Ke8 (38... Rc7 39. c4)
(38... Rd7 {[%cal Yf7e7,Yd7d6] Hecht} 39. c4 Rd2+ 40. Kf1 $16 {[%csl Rb7]}) (
38... Re6 $2 {Hecht} 39. Bd5 $18) 39. Bd5 Kd8 40. c4 Kc7 41. Rf6 Bd7 (41... Rd7
{Hecht} 42. Ke3 Rd6 43. Rf7+ Rd7 44. Kd4 Rxf7 45. Bxf7 Kd6 46. c5+ Ke7 47. Bd5
{[%cal Rd4e5]} Kf6 48. b5 g5 49. hxg5+ Kxg5 50. Bxb7 Bxb7 51. c6 Ba8 52. Kc5
$18) 42. b5 b6 43. Kf3 Re1 (43... Rg7 44. c5 $1) 44. Kf4 Be8 (44... Rd1 $5 45.
Bg8 (45. Rf7 $2 Kd6 46. Rxh7 Bxb5 47. Kg5 Rg1 48. Kxg6 Bd7) (45. Kg5 Bxb5)
45... Rf1+ (45... Rd4+ 46. Ke5 Re4+ 47. Kd5) 46. Kg5 Rg1 47. c5 Rxg3+ 48. Kh6 (
48. Kf4 $5) 48... bxc5 49. b6+ Kc8 50. Bd5 Re3 51. Rf7 Re8 52. Rxh7 Rd8 $1 53.
Kxg6 (53. Kg5 $5) 53... Be8+ 54. Bf7 Rd6+ $1 (54... Bxf7+ 55. Rxf7 Rd6+ 56. Kg7
$1 $18) 55. Kxf5 (55. Kg5 $5) 55... Bxf7 56. Rxf7 Rxb6 $11) 45. Kg5 $1 Rg1 (
45... Re7 $142 46. Kh6 Bd7) 46. Kh6 Rxg3 47. c5 $1 $18 bxc5 48. b6+ Kb8 49. Rd6
(49. Rd6 {Hecht} Kc8 50. b7+ Kc7 51. Rd8 $18) 1-0

[Event "ISR-chT"]
[Site "Israel"]
[Date "1998.03.26"]
[Round "8"]
[White "Finkel, Alexander"]
[Black "Mikhalevski, Victor"]
[Result "0-1"]
[WhiteElo "2500"]
[BlackElo "2545"]
[Annotator "Mikhalevski,V"]
[PlyCount "66"]
[EventDate "1998.01.15"]
[EventType "team-tourn"]
[EventRounds "10"]
[EventCountry "ISR"]
[SourceTitle "CBM 064"]
[Source "ChessBase"]
[SourceDate "1998.06.02"]
[SourceVersion "1"]
[SourceVersionDate "1998.06.02"]
[SourceQuality "1"]

1. e4 e5 2. Nc3 Nc6 3. g3 Nf6 4. Bg2 Bc5 5. d3 {This position has been known
from Paulsen-Schwarz,1879!Black usually played 5...a6,5...h6 or 5...0-0.5...
Nd4 is absolutely new move and has the few ideas:to play c6-d5 without wasting
time for d6,to refrain from a6 and to surprise the opponent!} Nd4 $5 $146 (5...
d6 6. Na4 Nd7 7. c3 Qf6 8. Nxc5 Nxc5 9. Be3 Qg6 10. Ne2 f5 11. b4 Nd7 12. exf5
Qxf5 13. O-O O-O 14. f4 Qe6 15. Qb3 Qxb3 16. axb3 exf4 17. Nxf4 Nb6 18. Bxb6
cxb6 19. Bd5+ Kh8 20. Ng6+ hxg6 21. Rxf8+ Kh7 22. Re1 Ne5 23. d4 Nd7 24. Rd8
Nf6 25. Bg2 a5 26. b5 g5 27. Rxd6 Bf5 28. Re7 Kg6 29. Rxb6 a4 30. bxa4 {
Lauterbach,I-Ford,E/4NCL, Birmingham ENG 1998/1-0 (45)}) ({Huebner} 5... a6 6.
f4 d6 7. f5 (7. Nf3 Ng4 8. Qe2) 7... h6 (7... d5 8. exd5 Ne7 9. Bg5 Bxf5 10.
Bxf6 gxf6 $13) 8. h4 $2 (8. g4 $142 d5 9. exd5 Ne7 10. Qf3) 8... Ne7 $2 (8...
d5 $142 $17) 9. g4 c6 10. Nh3 Nd7 $6 (10... d5 11. g5 hxg5 12. hxg5 Nh5 13. Nf2
Qb6 {mit ausreichendem Gegenspiel.}) 11. g5 hxg5 12. hxg5 f6 $2 (12... Nb6 {
/\Ld7, Dc7, 0-0-0 und der Vorteil des Weißen ist nicht entscheidend.}) 13. Qf3
$6 (13. Bd2 $142 {/\0-0-0 Turnierbuch}) 13... Qb6 14. Ne2 d5 15. Ng3 Kd8 16. g6
$6 (16. Nh5 $142 g6 17. Ng7) (16. c3 a5 17. Rb1) 16... Kc7 17. Nf2 Rg8 $2 (
17... Bxf2+ $142 18. Qxf2 Qxf2+ 19. Kxf2 Rg8 20. Rh7 Nf8) 18. Ng4 Nf8 19. Nh5
Bd7 20. Nhxf6 $2 (20. c3 $142 a5 21. Rb1 {/\Sh5xf6 Die Anziehenden widmen sich
zu einseitig ihren Aktionen am Königsflügel statt brettumfassend zu operieren;
die ist ein für die damalige Spielweise typischer Fehler.}) 20... gxf6 21. Nxf6
Rg7 {/\Sfg6-/+} 22. Rh8 $2 (22. Bh6 Qxb2 23. Qd1 {+- Turnierbuch} Nfxg6 24.
Bxg7 Nf4 25. Bf1 Qc3+ $19) 22... Nfxg6 23. Nxd7 (23. Rxa8 $142 Nh4 24. Qh3
Nxg2+ 25. Kd1 Bd6 26. c3 Qf2 {/\Se3, Tg1-+}) 23... Rxh8 (23... Kxd7 24. Rxa8
Nh4 25. Qh3 Rxg2 26. Kd1 {Weiß hat noch beachtliches Gegenspiel}) 24. Nxb6 Nh4
25. Qf1 Rxg2 26. Na4 Ba7 27. f6 (27. Bg5 Nf3+ 28. Kd1 Rxg5 29. Qxf3 Rh2 $19)
27... Neg6 28. exd5 Rg1 29. dxc6 Nf3+ {Line Paulsen,L-Schwarz,A/
Beratungspartie 1879}) (5... h6 6. Nf3 d6 7. Na4 Bb6 8. Nxb6 axb6 9. O-O O-O
10. h3 Be6 11. a3 d5 12. exd5 Bxd5 13. Be3 Qd7 14. Kh2 Rad8 15. Qe2 Rfe8 16.
Rad1 Nd4 17. Bxd4 exd4 18. Qd2 c5 $15 {1/2-1/2 Gombac,J-Cibej,M/SLO-chT sf
1996 (51)}) (5... O-O 6. Be3 d6 7. Bxc5 dxc5 8. Nge2 Bg4 9. h3 Bh5 10. g4 Bg6
11. Qd2 Nd7 12. h4 f6 13. O-O-O Nd4 14. f4 exf4 15. Nxf4 Ne5 16. g5 fxg5 17.
Nxg6 Nxg6 18. hxg5 $40 {1-0 Horvath,G-Salinnikov,D/Budapest FS06 IM 1997 (38)})
6. Nce2 (6. Na4 Be7) (6. Nf3 $5) 6... Nxe2 7. Nxe2 d5 8. exd5 Nxd5 9. O-O O-O
10. d4 exd4 11. Nxd4 c6 $1 $11 (11... Nb4 $6 12. a3 $1 (12. Be3 $5 Bxd4 13.
Bxd4 Nxc2 14. Qxc2 (14. Bxg7 $2 Qxd1 15. Rfxd1 Kxg7) 14... Qxd4 15. Qxc7 Qxb2
$11)) (11... Nf6 12. Nb3) 12. c3 Re8 $5 13. Qd3 Bb6 $1 {White has a problem to
find any useful move.} (13... Nf6 14. Be3 Ng4 15. Qc4 Nxe3 16. fxe3 {[%csl Rf7]
} Qe7 {[%csl Re3]} 17. Rf2 $5 {[%cal Ga1f1]}) (13... Nb4 14. Qc4 Bxd4 15. Qxb4
$1 Bb6 $11) 14. Bd2 $2 (14. a3 $1 {/\Bd2(Yudasin,L) was probably a right
desision}) 14... Nb4 $1 {Now Black is better.} 15. cxb4 $8 (15. Qc4 Nc2 $1 $17
{[%csl Rd2]}) 15... Bxd4 {[%cal Rd4f2,Rd4b2]} 16. Qc2 (16. Be4 $5 Bxb2 17.
Bxh7+ Kh8 18. Rae1 (18. Rad1 $5) 18... Qxd3 19. Bxd3 Be6 20. Bb1 Rad8 $15) (16.
Qb3 Re2 17. Bc3 Bxf2+ $3 {Greenfeld,A} 18. Rxf2 Rxf2 19. Kxf2 Qb6+ 20. Kf3 Be6
21. Qc2 h5 $1 $40) 16... Re2 (16... Bg4 17. Rfe1) 17. Bf3 (17. Rae1 $5 Bg4 18.
Rxe2 Bxe2 19. Re1 Bd3 20. Qb3 Qd7 21. Be3 (21. Bc3 Bb6 $1 {[%csl Rf2]}) 21...
Bxe3 22. Rxe3 Rd8 $11 {/=/+}) 17... Bf5 (17... Bh3 $3 18. Rae1 $3 (18. Bxe2 $2
Qd5 {[%cal Gd5g2]}) 18... Rxe1 (18... Bf5 $5 19. Qd1 $140 $2 Rxe1 20. Rxe1 Bxb2
) 19. Rxe1 Qf6 20. Qe4 Be6 $15 (20... h6 $5)) 18. Qd1 (18. Qxf5 Rxd2 {[%csl
Rb2,Rf2] ><f2,b2}) 18... Re6 $1 {[%cal Ge6d6]} 19. Bc3 Rd6 20. Qc1 (20. Qd2 $5
Qf6 $15 (20... Bxc3 $140 21. Qxc3 Rd3 22. Rfd1 Rxc3 23. Rxd8+ Rxd8 24. bxc3 Rd3
25. Rd1 $1 $11 {[%csl Rg8]})) 20... Qf6 (20... Bh3 $5 21. Bg2 $8 (21. Rd1 Qf6 {
[%csl Rf2]} 22. Qf4 $8 Qxf4 23. gxf4 Rg6+ 24. Kh1 Bxf2 $17) 21... Bxg2 22. Kxg2
Qf6 $15) 21. Bxd4 (21. Rd1 $2 Bh3 $1 22. Qf4 $8 Qxf4 23. gxf4 Rg6+ 24. Kh1 Bxf2
$17) 21... Rxd4 22. Qc3 Rad8 23. Rad1 g5 $5 $138 24. Rxd4 Rxd4 25. Bg2 (25. Rd1
$5 Rxd1+ 26. Bxd1 Kg7) 25... Kg7 26. Re1 a6 27. a3 Be6 28. Qc5 $2 $138 Rd2 $17
{[%csl Rb2]} 29. f4 $2 gxf4 30. Rf1 Qxb2 $19 31. Qg5+ Kf8 (31... Kh8) 32. Qc5+
Ke8 33. Be4 Bh3 $6 $138 {[%cal Rd2g2] White lost on time,but after the only
defence 34.Re1 Be6 leads to the absolutely winning position.} (33... fxg3 $142
34. hxg3 Qxa3 $19) 0-1

[Event "FIDE-Wch k.o."]
[Site "Groningen"]
[Date "1997.12.11"]
[Round "2.1"]
[White "Georgiev, Kiril"]
[Black "Alterman, Boris"]
[Result "1/2-1/2"]
[WhiteElo "2670"]
[BlackElo "2615"]
[Annotator "Mikhalevski,V"]
[PlyCount "71"]
[EventDate "1997.12.09"]
[EventType "k.o."]
[EventRounds "7"]
[EventCountry "NED"]
[SourceTitle "CBM 063"]
[Source "ChessBase"]
[SourceDate "1998.03.26"]
[SourceVersion "1"]
[SourceVersionDate "1998.03.26"]
[SourceQuality "1"]

1. e4 e5 2. Nf3 Nf6 3. Nc3 Nc6 4. g3 Bc5 5. Bg2 d6 6. d3 a6 7. Be3 Bxe3 (7...
Bg4 $5 {see Almasi,Z-Jussupow,A FIDE-Wch k.o.1997[Mikhalevski,V]}) 8. fxe3 Bg4
$5 (8... Be6 9. d4 Bg4 10. O-O Qd7 11. Qd2 O-O-O 12. Rab1 Rhe8 13. b4 Bh3 14.
b5 axb5 15. d5 Na7 16. Nxb5 Nxb5 17. Qa5 Qg4 18. Bxh3 Qxh3 19. Qxb5 Rd7 20. Qa4
Kd8 21. Rxb7 Ke7 22. Nxe5 dxe5 23. Qa3+ Rd6 24. Rxc7+ Nd7 25. Rc6 Qh6 {1-0
Watson,W-Abramovic,B/Hastings8485 1984}) (8... O-O 9. O-O (9. Qe2 Be6 10. O-O
h6 11. Nh4 g6 12. d4 Bg4 13. Qf2 Nh7 14. h3 Bd7 15. Rad1 Kg7 16. g4 f6 17. Ne2
Ne7 18. Ng3 a5 19. Kh2 b6 20. Bf3 Qc8 21. Be2 Qb7 22. Qg2 Rae8 23. Nf3 Qc8 24.
Ne1 Kh8 25. Nd3 Be6 26. b3 c5 27. d5 {1/2-1/2 Radu,E-Krupkova,P/Nadole ztW 1995
}) 9... Ng4 10. Qe2 f6 11. Nh4 Nh6 12. Nd5 Ne7 13. Nxe7+ Qxe7 14. c4 Rb8 15.
Rac1 Be6 16. Qd2 Qd7 17. Rf2 b5 18. b3 c5 19. Rcf1 Bf7 20. h3 a5 21. Qxa5 b4
22. Nf5 Nxf5 23. exf5 Rfc8 24. d4 cxd4 25. exd4 exd4 26. Rd1 Rc5 27. Qa6 Rxf5
28. Rxf5 Qxf5 29. Qxd6 Re8 30. Qxd4 h5 31. Kh2 h4 32. gxh4 Re2 33. Rd2 {
Marinkovic,I-Jovcic,M/JUG-Cup 1990/1-0 (61)}) (8... Ne7 9. O-O (9. Qd2 Bg4 10.
Nh4 c6 11. h3 Be6 12. d4 Qc7 13. Qf2 O-O-O 14. O-O h5 15. Rad1 Kb8 16. Rd2 Bc8
17. Nf5 Bxf5 18. exf5 d5 {1/2-1/2 Popchev,M-Manic,J/Belgrade-B 1991}) 9... Ng6
10. d4 O-O 11. h3 Re8 12. Qd3 Qe7 13. Rae1 Bd7 14. g4 h6 15. Rf2 Rf8 16. Ref1
Rae8 17. g5 hxg5 18. Nxg5 c6 19. Qd1 Ng4 20. Rf5 Bxf5 21. Rxf5 Nh6 22. Qh5 f6
23. Qxg6 fxg5 24. Rxg5 Qf6 25. Qh5 Re6 26. d5 Qf2+ 27. Kh2 Ref6 28. dxc6 bxc6
29. Qd1 Qxe3 30. Rg3 Qf4 31. Ne2 Qf2 32. Qd3 a5 33. c4 {Palma,T-Bloessl,W/
Mannheim MB 1990/0-1 (49)}) 9. O-O (9. h3 Bxf3 (9... Be6 10. Qe2 O-O 11. O-O d5
12. exd5 Nxd5 13. Ne4 h6 14. Nc5 Qe7 15. Nxe6 Qxe6 16. Rae1 Nde7 17. c4 Rad8
18. d4 exd4 19. exd4 Qxe2 20. Rxe2 Nf5 21. Kh2 Rfe8 22. Rxe8+ Rxe8 23. d5 Nb4
24. Rf2 Nxa2 25. Nd2 Ne3 26. Bf3 b6 27. b3 Nc3 28. Kg1 a5 29. Nf1 a4 30. bxa4
Nf5 31. Rc2 Nxa4 32. Bg4 Nd4 33. Ra2 Nc5 34. Ra7 {Kourkounakis,I-Karlsson,L/
Luzern olm 1982/0-1 (46)}) 10. Qxf3 Qe7 (10... Ne7 11. O-O-O c6 12. d4 Qa5 13.
Rhf1 O-O-O 14. g4 h6 15. h4 exd4 16. exd4 Rhf8 17. Qg3 Ne8 18. g5 hxg5 19. hxg5
Nc7 20. Bh3+ Kb8 21. Kb1 Ka7 22. Rf2 d5 23. exd5 Ncxd5 24. Nxd5 Nxd5 25. c4 Nb6
26. Rc2 Rh8 27. Qg4 Qb4 28. a3 Qa4 29. Rdc1 Rhe8 30. Qf4 Re7 31. Ka2 Qa5 32.
Bg4 Na8 33. Bf3 Qc7 34. Qd2 c5 35. d5 Qg3 36. Rc3 Re5 37. Bh5 Qxg5 38. Qf2 Qe7
39. d6 Rxd6 40. Qxf7 g5 41. Rb3 Rb6 42. Rcc3 Ree6 {...(46) 0-1 Willmoth,
R-Barua,D/Lloyds Bank op 1989}) 11. g4 Nb4 12. O-O-O Qe6 13. Kb1 a5 14. g5 Nd7
15. h4 a4 16. a3 Na6 17. Bh3 Qe7 18. Nd5 Qd8 19. Rdf1 Rf8 20. Qf5 Nac5 21. Qxh7
c6 22. Qxg7 cxd5 23. h5 dxe4 24. h6 exd3 25. h7 dxc2+ 26. Kxc2 Qb6 27. Bxd7+
Kxd7 28. Rxf7+ Kc6 29. Rxf8 Qb3+ 30. Kb1 Nd3 31. Rf2 Nxf2 32. Rc1+ Kd5 33. Qf7+
Ke4 {Pillsbury,H-Gossip,G/New York 1893/1-0 (47)}) 9... Ne7 10. h3 Bxf3 11.
Rxf3 c6 12. Qd2 O-O 13. Raf1 Ne8 14. Qf2 f6 15. h4 b5 16. g4 b4 17. Ne2 d5 (
17... Qa5 18. Qe1 Nc7) 18. Ng3 Nd6 (18... Qa5 19. Qd2) 19. exd5 cxd5 20. Nh5 (
20. Qd2) 20... Rc8 21. Bh3 $6 (21. Qd2) 21... e4 22. Rg3 Ng6 23. Rg2 (23. Nf4
$5 Nxf4 24. exf4 f5 $13) 23... Qe7 $6 (23... Qa5 $1 24. Nf4 (24. Ra1 b3) (24.
Qe1 Qxa2 25. Qxb4 Nf7 $17 26. g5 Rb8 27. Qd4 Nxh4 28. gxf6 g6 $19 (28... Nxg2
$2 29. fxg7 $18)) 24... Qxa2 $17) 24. Kh1 Qe5 25. d4 Qe7 26. Qg3 Rf7 27. Rgf2 (
27. g5 f5) 27... Rcf8 28. Kh2 a5 29. Rg1 f5 30. g5 a4 31. Rgf1 Kh8 32. Kh1 Kg8
33. Kg1 (33. Nf4 Nxf4 34. Qxf4 $13) 33... Kh8 34. Kh1 Kg8 35. Kg1 Kh8 36. Kh1
1/2-1/2

[Event "Elgoibar 07th"]
[Site "Elgoibar"]
[Date "1997.12.31"]
[Round "5"]
[White "Vallejo Pons, Francisco"]
[Black "Gomez Esteban, Juan Mario"]
[Result "1-0"]
[WhiteElo "2415"]
[BlackElo "2490"]
[Annotator "Mikhalevski,V"]
[PlyCount "75"]
[EventDate "1997.11.26"]
[EventType "tourn"]
[EventRounds "9"]
[EventCountry "ESP"]
[EventCategory "10"]
[SourceTitle "CBM 063"]
[Source "ChessBase"]
[SourceDate "1998.03.26"]
[SourceVersion "1"]
[SourceVersionDate "1998.03.26"]
[SourceQuality "1"]

1. e4 e5 2. Nf3 Nc6 3. Nc3 Nf6 4. g3 Bc5 5. Bg2 d6 6. O-O a6 7. d3 Nd4 (7...
Be6) (7... O-O) 8. Nxd4 Bxd4 9. h3 Be6 (9... c6 10. Kh2 h6 11. Ne2 Ba7 12. f4
g5 13. fxe5 dxe5 14. c3 h5 15. d4 h4 16. g4 Qe7 17. Ng1 Nh7 18. Be3 Be6 19. Qf3
f6 20. Kh1 O-O 21. dxe5 fxe5 22. Qe2 Bxe3 23. Qxe3 Rxf1 24. Rxf1 Rf8 25. Rxf8+
Kxf8 26. Qa7 Bxa2 27. Qb8+ Kg7 28. Nf3 Kf6 29. Nxe5 Qxe5 30. Qh8+ Ke6 31. Qxh7
Bb1 32. Qg6+ Kd7 33. Qf7+ Qe7 34. Qb3 Kc7 35. Qc4 Qe5 36. Kg1 b5 37. Qf7+ Kd6
38. Qf8+ Kc7 39. Qf7+ Kd6 40. Qf3 Kc7 41. Qe3 c5 42. Qf3 c4 43. Qf7+ Kd6 44.
Qb7 Qc5+ 45. Kh1 Ke5 46. Qg7+ Ke6 47. Qg6+ Ke7 48. Qxa6 Qe3 49. Qb7+ Kf8 50.
Qc8+ Ke7 51. Qc7+ Kf8 52. Qd6+ Kf7 53. Qd7+ Kg8 54. Qf5 Qe1+ 55. Kh2 Qg3+ 56.
Kg1 Qe1+ 57. Qf1 Qxf1+ 58. Kxf1 {1-0 Hirschinger,T-Stopp,H/PF-ch 1994}) 10. Ne2
Bb6 (10... Ba7 11. b3 d5 12. Bb2 dxe4 13. Bxe5 exd3 14. Nf4 c6 15. Nxe6 fxe6
16. cxd3 Bd4 17. Bxd4 Qxd4 18. Qe2 Kf7 19. Rac1 Rad8 20. Rfd1 Rhe8 21. Rc4 Qd6
22. b4 Re7 23. a4 e5 24. Kh2 Kf8 25. Qe1 Qe6 26. b5 axb5 27. axb5 Rxd3 28. Rxd3
Qxc4 29. Rd8+ Kf7 30. bxc6 bxc6 31. Bf1 Qc5 32. Rd1 Kg6 33. Rc1 Qb6 34. Rb1 Qc7
35. Rc1 {Glek,I-Adams,M/BL9697 1996/1/2-1/2 (45)}) 11. c4 $14 Qd7 (11... c6)
12. Kh2 h5 13. f3 $1 (13. f4 Ng4+ 14. Kh1 Qc6 $13) 13... c6 14. b3 h4 $6 (14...
O-O-O) 15. g4 Qc7 16. Qe1 O-O-O 17. f4 $16 Kb8 18. Kh1 Bc8 19. b4 Qe7 20. a4
Nd7 21. Qc3 f6 22. b5 a5 23. bxc6 bxc6 24. Rb1 Kc7 25. d4 Bb7 26. Be3 Ra8 27.
Rfd1 exd4 28. Nxd4 g6 29. Qb3 Rhb8 30. c5 $1 dxc5 31. Ne6+ Kc8 32. Rxd7 $1 Qxd7
33. Rd1 $2 (33. Bxc5 $1 $18) 33... c4 $1 34. Qxb6 Qxd1+ 35. Kh2 (35. Bg1 $5 Qd6
36. f5 Ra6 37. Qb2 $13) 35... Qd7 $2 (35... Qd6 $1 $17) 36. f5 $1 g5 $2 (36...
Qe7 37. Bc5 Qd7 38. Be3 $11 Ba6 39. Qc5 $40) 37. Qc5 $18 c3 (37... Ba6 38. Qf8+
Kb7 39. Qxf6 $18) 38. Qf8+ 1-0

[Event "FIDE-Wch k.o."]
[Site "Groningen"]
[Date "1997.12.15"]
[Round "3.2"]
[White "Almasi, Zoltan"]
[Black "Jussupow, Artur"]
[Result "1-0"]
[WhiteElo "2615"]
[BlackElo "2640"]
[Annotator "Mikhalevski,V"]
[PlyCount "103"]
[EventDate "1997.12.09"]
[EventType "k.o."]
[EventRounds "7"]
[EventCountry "NED"]
[SourceTitle "CBM 063"]
[Source "ChessBase"]
[SourceDate "1998.03.26"]
[SourceVersion "1"]
[SourceVersionDate "1998.03.26"]
[SourceQuality "1"]

1. e4 e5 2. Nf3 Nf6 3. Nc3 Nc6 4. g3 Bc5 5. Bg2 d6 6. d3 a6 7. Be3 Bg4 $5 $146
(7... Bxe3 {see Giorgiev,K-Alterman,B FIDE-Wch k.o.1997[Mikhalevski,V]}) 8. h3
(8. Bxc5 dxc5 9. h3 Bxf3 10. Qxf3 Nd4 11. Qd1 $14) 8... Bxf3 9. Qxf3 Nd4 10.
Qd1 h5 $1 11. Ne2 $1 Nxe2 12. Qxe2 Bxe3 $1 13. Qxe3 h4 $1 {[%csl Rg2]} 14. g4
Nh7 15. f4 Nf8 16. f5 Nh7 17. O-O Qg5 $15 18. Qf2 Nf6 19. a4 a5 20. Ra3 O-O 21.
Rb3 Rfb8 $6 (21... b6 22. c3 (22. Rc3 Rac8 (22... c5 23. Rb3 Rab8) 23. Rc6 Nd7)
22... Rfe8 23. Re1 Re7 {/\d6-d5} 24. d4 exd4 25. cxd4 (25. e5 Rae8) 25... Rae8
{[%csl Re4,Rg1]}) 22. c3 Nd7 23. d4 b6 24. Rd1 Re8 25. Ra3 Nf6 (25... exd4 $6
26. e5 $1 (26. cxd4 Rad8 27. Rc3 c5) 26... Nxe5 27. Bxa8 Nxg4 28. Qd2 $1 Ne3+
29. Bg2) 26. d5 g6 27. Rf1 Kg7 28. Raa1 Re7 29. Qe2 Ng8 30. Rf2 f6 31. Raf1 Nh6
32. fxg6 Kxg6 33. Kh2 Rf7 34. Rg1 Kh7 35. Bf1 Rg8 36. Qe1 f5 $6 (36... Kg7 $2
37. Rf5) (36... Kh8 $142) 37. exf5 Kg7 38. Bd3 Rgf8 $4 (38... Kf6 39. Be4 Ra8
$13 {Ng8,Ke7,Nf6}) 39. f6+ $1 Rxf6 (39... Kh8 40. Qe4 $18) 40. Rf5 $1 $18 Nf7 (
40... Nxf5 41. gxf5) (40... Qg6 41. g5) 41. Rxg5+ Nxg5 42. Kg2 e4 43. Bc2 Rf4
44. Bd1 R8f6 45. Qxh4 Nf7 46. Qg3 Ne5 47. Be2 Ng6 48. h4 e3 49. Qxe3 Nxh4+ 50.
Kg3 Ng6 51. Bd3 Ne5 52. Bf5 1-0